000 00799nam a22002777a 4500
001 7281
003 FISKH
005 20250708091046.0
008 250708b cb ||||| |||| 00| 0 eng d
020 _a9780516246635
040 _aFISKH
_beng
_cFISKH
_dFISKH
050 _aQC173.36 .G38
082 _a530.4
100 _aGarrett, Ginger
245 _aSolids, liquids, and gases /
_cby Ginger Garrett
260 _aNew York :
_bChildren's Press,
_c2004.
300 _a31 pages :
_bcolor illustrations ;
_c18 cm
490 _aRookie read-about-science
505 _aG
520 _aSimple introduction to the different forms of matter.
521 8 _a350
_bLexile
521 8 _aG
_bRaz-Plus
650 _aPhysical Science
_vNonfiction
942 _2ddc
_cBK
_n0
999 _c7281
_d7281